| 000 | 01210nam a22003377a 4500 | ||
|---|---|---|---|
| 003 | OSt | ||
| 005 | 20250411003043.0 | ||
| 008 | 250319t2006 |||||||| |||| 00| | eng d | ||
| 020 | _a0-7020-2617-4 | ||
| 040 | _cJMCFI - Learning Resource Center | ||
| 082 | _aMAHL/Phrma 615.'321 Ev92 2006 | ||
| 100 |
_aEvans, William Charles _918877 |
||
| 245 |
_aTrease and Evans pharmacognosy / _cWilliam Charles Evans and Daphne Evans |
||
| 250 | _aFifteenth edition. | ||
| 260 |
_aSt. Louis, Toronto : _bSaunders , _c2006. |
||
| 300 |
_aviii, 585 pages : _bblack and white, illus. ; _c28 cm |
||
| 500 | _aIncludes indexes. | ||
| 650 |
_aPharmacology. _96617 |
||
| 650 |
_aPhytochemistry. _918194 |
||
| 650 |
_aVitamins and hormones. _918878 |
||
| 650 |
_aAntibacterial. _918879 |
||
| 650 |
_aAntiviral drugs. _918392 |
||
| 650 |
_aComplementary plants. _918880 |
||
| 650 |
_aTraditional systems of medicine. _918881 |
||
| 650 |
_aNonmedicinal toxic plants . _918882 |
||
| 650 |
_aPesticides toxicity. _918883 |
||
| 650 |
_aMorphological _xExamination of drugs. _918884 |
||
| 650 |
_aMicroscopical _xExamination of drugs. _918885 |
||
| 700 |
_aEvans, Daphne _918886 |
||
| 942 |
_2ddc _cBK _n0 _eFifteenth edition |
||
| 999 |
_c5961 _d5961 |
||